000 00576nac a22001691u 4500
008 100913t1978 xxu|||||r|||| 001 0 eng d
010 _a78912073
020 _a0706998499
082 0 0 _a627.52
_bMIC
_222
100 _aMichael, A. M.
_918962
245 1 0 _aIrrigation :
_bTheory and Practice /
_cA. M. Michael.
260 _aNew Delhi :
_bVikas,
_cc1978.
300 _avi, 801 p., [3] fold. leaves of plates :
_bill., maps ;
_c25 cm.
504 _aIncludes bibliographical references and index.
650 0 _aIrrigation engineering.
_96511
942 _cBB
_k627.52MIC
_2ddc
999 _c998
_d998